000 00833nam a22002531 4500
001 22275
003 BD-RjUL
005 20211209000804.0
008 140308s19511909enk 000 1 eng
035 _a(OCoLC)1385966
_a(BD-RjUL)22340
040 _aDLC
_cOYU
_dOCoLC
_dDLC
_dBD-RjUL
_beng
041 _aeng
082 _a823
_bTRS 1951
100 1 _aTrollope, Anthony,
_d1815-1882.
_968767
245 1 4 _aThe small house at Allington /
_cAnthony Trollope.
260 _aLondon ;
_bJ.M. Dent ;
_aNew York :
_bE.P. Dutton,
_c1909 [Reprinted 1951].
300 _ax, 583 p. ;
_c18 cm.
490 0 _aEveryman's library. Fiction. [no. 361]
500 _a"First published in this edition, 1909; reprinted ... 1934."
504 _aBibliography: p. viii.
650 _aEnglish fiction
_9167396
942 _2ddc
_cBK
999 _c22275
_d22275